| 000 | 00654nam a2200205 i 4500 | ||
|---|---|---|---|
| 001 | 23263 | ||
| 003 | ES-MaACL | ||
| 005 | 20230906152837.0 | ||
| 007 | t| | ||
| 008 | 021209s1974 ag ||||1| spa d | ||
| 100 | 1 |
_aAlonso, Amado. _920182 |
|
| 245 | 1 | 0 |
_aPoesía y estilo de Pablo Neruda _b: interpretación de una poesía hermética / _cAmado Alonso. |
| 250 | _a[3ª ed.]. | ||
| 260 |
_aBuenos Aires : _bEditorial Sudamericana, _c[1974] |
||
| 300 |
_a365 p. ; _c17 cm. |
||
| 490 | 1 |
_aColección Piragua. Ensayos ; _v108 |
|
| 830 | 0 |
_aColección Piragua. Ensayos ; _v108 _9225425 |
|
| 852 |
_aES-MaACL _jL-6674 _bR.107638 |
||
| 999 |
_c23263 _d23263 |
||